00760 a2200217 4500010001400000020002300014035001300037037001800050082001000068090001500078100002200093245008500115260003300200270007400233300003100307500002000338650001400358942002500372999001500397952013000412 aENG-85232 a8180563359c150.00 aEN-68765 bD.B.Act / Pub14a658.8 c1723d17231 aEchentille, Linda1 aSmart marketingbthe hands-on guide for your small businesscby Linda Echentille aNew DelhibLeads Pressc2003 a1921, Street No. 10, Chuna Mandi, PaharganjbNew DelhicDelhie110055 a180 p.bill.c21 cm. (Pbk) aIncludes index. 0aMarketing adplcENk658.8 / ECH c1692d1692 00102ddc40718NFICaDBADbDBADeDBAD/PUBg150.00l0o658.8pEN-68765r2008-09-15 00:00:00t1u1793v150.00w2008-09-15yEN